[Event "Manizales op 26th"]
[Site "Manizales"]
[Date "2017.01.08"]
[Round "8"]
[White "Villamil, Alejandro"]
[Black "Manrique, Jose Liberty"]
[Result "1-0"]
[WhiteElo "1758"]
[BlackElo "1499"]
[PlyCount "47"]
[EventDate "2017.01.04"]
[EventType "swiss"]
[EventRounds "9"]
[EventCountry "COL"]
[SourceTitle "CBM 176 Extra"]
[Source "ChessBase"]
[SourceDate "2017.03.02"]
[SourceVersion "1"]
[SourceVersionDate "2017.03.02"]
[SourceQuality "1"]

1. g3 e6 2. Bg2 d5 3. d4 c5 4. c3 Qa5 5. dxc5 Qxc5 6. e3 f5 7. Ne2 Nf6 8. 0-0 Bd6 9. Nd2 Qc7 10. Nd4 a6 11. Qc2 h5 12. h4 Bxg3 13. fxg3 Qxg3 14. N2f3 Ne4 15. Qd1 e5 16. Ne2 Qg6 17. Qxd5 Nc6 18. Nxe5 Qf6 19. Nxc6 bxc6 20. Qxe4+ fxe4 21. Rxf6 gxf6 22. Bxe4 Rg8+ 23. Kf2 Rg4 24. Bxc6+ 1-0